Resident Evil VII: Biohazard - Weapons - Statistics

General Stats
  • This quiz has been taken 84 times
  • The average score is 10 of 36
Answer Stats
Type Answer % Correct
Melee Knife
91%
Melee Survival Knife
91%
Melee Tactical Knife
91%
Thrown Throwing Knife
91%
Explosive Grenade
51%
Other Burner
47%
Melee Chainsaw
47%
Melee Hand Axe
42%
Handgun M19
40%
Melee Circular Saw
39%
Handgun Albert-01
35%
Explosive Grenade Launcher
33%
Explosive Remote Bomb
32%
Handgun G17
26%
Shotgun M21
25%
Machine Gun P19
23%
Magnum .44 Magnum
21%
Melee Crowbar
21%
Thrown Throwing Spear
21%
Shotgun M37
18%
Handgun MPM
14%
Assault Rifle Thor's Hammer
14%
Explosive Incendiary Grenade
12%
Handgun Blue Blaster
11%
Melee Dual AMG
11%
Explosive Neuro-Stun Grenade
11%
Handgun Red Blaster
11%
Explosive Stake Bomb
11%
Melee AMG-78
9%
Melee AMG-78a
9%
Melee Bare Fists
9%
Handgun Gold Blaster
9%
Handgun Albert-01r
7%
Melee Golden Crowbar
7%
Melee Spirit Blade
7%
Melee Broken Glass Bottle
0%
No matching quizzes found
Score Distribution
Percent of People with Each Score
Percentile by Number Answered
Your Score History
You have not taken this quiz